Famous People from Flint by Picture - Statistics

General Stats
  • This quiz has been taken 8 times
  • The average score is 28 of 155
Answer Stats
Picture Hint Answer % Correct
Singer (born 1961) Geoff Moore
100%
Filmmaker / Author / Activist (born 1954) Michael Moore
100%
Motorcycle Racer (born 1983) Bryan Smith
63%
Football Player (born 1971) Fernando Smith
63%
Football Player (born 1977) Robaire Smith
63%
Actor / Football Player (born 1968) Terry Crews
63%
Singer (born 1980) LaKisha Jones
50%
Football Player (born 1964) Brent Williams
38%
Basketball Player & Coach (born 1971 Coquese Washington
38%
Comic Book Creator (born 1977) David Peterson
38%
Basketball Player (born 1976) Eddie Robinson
38%
Sprinter / Baseball Player (born 1951) Herb Washington
38%
Basketball Player (born 1988) JaVale McGee
38%
Football Player (born 1989) Mark Ingram II
38%
Basketball Player (born 1977) Morris Peterson
38%
Basketball Player (born 1962) Pamela McGee
38%
Football Player (born 1954) Reggie Williams
38%
Singer (1929-1998) Betty Carter
25%
Mayor / Co-Founder of General Motors (1875-1973) Charles S. Mott
25%
Football Player (born 1982) Chris Wilson
25%
Author (1955-2009) E. Lynn Harris
25%
Basketball Player (born 1967) Glen Rice
25%
Basketball Player (born 1995) James Young
25%
Wrestler (born 1951) John Matthews
25%
Basketball Player (born 1995) Kyle Kuzma
25%
Football Player & Executive (born 1963) Lonnie Young
25%
Football Player (born 1995) Malik Taylor
25%
Rapper / Singer-Songwriter (born 1999) Mario Judah
25%
Basketball Player (born 1977) Mateen Cleaves
25%
Businessman / Ambassador (born 1947) Michael M. Wood
25%
Basketball Player (born 1995) Monté Morris
25%
Baseball & Football Player (born 1957) Rick Leach
25%
Actress / Singer / Comedian (born 1955) Sandra Bernhard
25%
Mayor (born 1968) Sheldon Neeley
25%
Basketball Player (born 2000) Terry Armstrong
25%
Hockey Player (born 1974) Tim Thomas
25%
9/11 Hero (1968-2001) Todd Beamer
25%
Basketball Coach & Player (born 1968) Tonya Edwards
25%
Theologian (born 1980) Adam Kotsko
13%
Activist (born 2007) Amariyanna Copeny
13%
Boxer (born 1983) Andre Dirrell
13%
Football Player (born 1967) Andre Rison
13%
Football Player & Coach (born 1976) Andre Weathers
13%
CEO of Vimeo (born 1983) Anjali Sud
13%
Boxer (born 1984) Anthony Dirrell
13%
Football Player (born 1973) Barry Stokes
13%
Writer (born 1955) Ben Hamper
13%
Basketball Player (born 1949) Ben Kelso
13%
Rapper (born 1995) Bfb Da Packman
13%
Swimmer (born 1940) Bill Darnton
13%
Runner (1956-2017) Bill Donakowski
13%
DJ / TV Personality / Game Show Host (born 1938) Bob Eubanks
13%
Football Player (born 1986) Brandon Carr
13%
Hockey Player (born 1973) Brian Rolston
13%
Football Player (born 1962) Carl Banks
13%
Basketball Player (born 1979) Charlie Bell
13%
Boxer (born 1970) Chris Byrd
13%
Children's Author (born 1953) Christopher Paul Curtis
13%
Boxer / Mixed Martial Artist (born 1995) Claressa Shields
13%
Racecar Driver (1890-1937) Cliff Durant
13%
Basketball Player (born 1979) Cory Hightower
13%
Football Player & Coach (born 1969) Courtney Hawkins
13%
CEO of Home Depot (born 1958) Craig Menear
13%
Football Player (born 1943) Craig Morton
13%
U.S. Representative (1929-2021) Dale Kildee
13%
Football Player (born 1986) Dan Skuta
13%
Screenwriter (born 1962) David Magee
13%
Sterling Professor (born 1949) David W. Blight
13%
Basketball Player (born 1979) Deanna Nolan
13%
Singer / Actress (born 1950) Dee Dee Bridgewater
13%
Basketball Player (born 1981) Desmon Farmer
13%
U.S. Senator (born 1938) Donald Riegle
13%
Astronaut (born 1952) Donald R. McMonagle
13%
Football Player (1928-2017) Don Coleman
13%
Air Force Chief Master Sergeant (1947-1993) Duane D. Hackney
13%
Actress (born 1984/1985) Erin Darke
13%
Football Player (1960-2021) Eugene Marve
13%
Mayor (1923-1988) Floyd J. McCree
13%
Record Producer (born 1972) Fredwreck
13%
Runner (born 1987) Geena Gall
13%
Football Player (born 1946) George Hoey
13%
Basketball Player (born 1992) Glenn Cosey
13%
Actor (1927-1996) Harvey Vernon
13%
Governor / Mayor (1804-1869) Henry H. Crapo
13%
Artist (born 1958) Hubert Massey
13%
Football Player (born 1986) Jamarko Simmons
13%
Lt. Governor (1928-2001) James H. Brickley
13%
Basketball Player (born 1993) Javontae Hawkins
13%
Basketball Player (born 1965) Jeff Grayer
13%
Actor / Comedian (born 1969) Jerry Minor
13%
Baseball Player (born 1967) Jim Abbott
13%
State Senator (born 1975) Jim Ananich
13%
Baseball Player (born 1975) Joe Mays
13%
Poet / Writer / Activist (born 1941) John Sinclair
13%
Rapper (born 1985) Jon Connor
13%
Football Player / U.S. Representative (born 1973) Jon Runyan
13%
Children's Author (born 1954) Jon Scieszka
13%
Fencer (born 1939) Judy Goodrich
13%
Basketball Player (born 1947) Justus Thigpen
13%
Mayor (born 1959) Karen Weaver
13%
Basketball Player (born 1989) Kayla Pedersen
13%
Hockey Player (born 1956) Ken Morrow
13%
Basketball Player (born 1983) Kevin Torbert
13%
Speaker / Author / Editor / Model (born 1954) Linda Arroz
13%
Golfer (born 1949) Lon Hinkle
13%
Actress / Director / Producer (1862-19320 Lule Warrenton
13%
Football Player (1925-2011) Lynn Chandnois
13%
Author / TV Host (born 1974) Marcus Sakey
13%
Football Player (born 1992) Marcus Tucker
13%
Actress / Casting Director (1926-2011) Marilyn Nash
13%
Musician (born 1948) Mark Farner
13%
Teacher (1857/1858-1890) Mary Henrietta Graham
13%
Football Player (born 1983) Matt Trannon
13%
Four-Star Navy Admiral (1898-1976) Maurice E. Curts
13%
Baseball Coach & Player (born 1943) Merv Rettenmund
13%
Astronaut (born 1959) Michael J. Bloomfield
13%
Baseball Player & Team Chaplain (born 1961) Mickey Weston
13%
Mixed Martial Artist (born 1991) Mike Perry
13%
Basketball Player (born 1998) Miles Bridges
13%
Rapper / Poet / Activist / Chaplain (born 1988) Mona Haydar
13%
Actress (born 1935) Nancy Kovack
13%
Motorcycle Racer (born 1987) Nichole Cheza
13%
Football Player (born 1942) Paul Krause
13%
Actress (born 1991) Rachel DiPillo
13%
Actor (born 1943) Raye Birk
13%
Basketball Player (1966-2015) Roy Marble
13%
Pastor / Civil Rights Leader (1926-2018) Samuel B. McKinney
13%
Baseball Player (born 1968) Scott Aldred
13%
Actor (born 1976) Seamus Dever
13%
Mathematician (born 1930) Stephen Smale
13%
Baseball Player, Manager & Coach (1936-2010) Steve Boros
13%
NFTE Founder (born 1953) Steve Mariotti
13%
Basketball Coach (born 1975) Tamika Louis
13%
Football Player / Army Colonel (1897-1986) Ted Bank
13%
Basketball Player (born 1987) Thad McFadden
13%
Author (1935-2015) Theodore Weesner
13%
Football Player (born 1993) Thomas Rawls
13%
Football Player & Coach (born 1969) Todd Lyght
13%
Actor / Boxer (1937-2016) Tony Burton
13%
Basketball Player (born 1959) Trent Tucker
13%
Football & Baseball Coach (1926-2017) Tubby Raymond
13%
Singer / Banjoist (1907-2011) Wade Mainer
13%
Marine Officer & Chaplain (1966-2021) Wes Modder
13%
Basketball Player (born 1984) Will Hatcher
13%
Co-Founder of General Motors & Chevrolet (1861-1947) William C. Durant
13%
Arranger / Orchestrator (1933-2017) William David Brohn
13%
Air Force Major General (1921-2008) William E. Bryan Jr.
13%
Mayor (1950-2022) Woodrow Stanley
13%
Football Coach (born 1987) Aubrey Pleasant
0%
Civil Engineer / Entrepreneur (1860-1922) Charles Robinson Rockwood
0%
Basketball Player & Coach (born 1983) Corey Santee
0%
Basketball Player (born 1992) Deondre Parks
0%
Basketball Player (born 1987) J'Nathan Bullock
0%
Plastic Surgery Addict (1958-2012) Stalking Cat
0%
Musician (born 1986/1987) Tunde Olaniran
0%
No matching quizzes found
Score Distribution
Percent of People with Each Score
Percentile by Number Answered
Your Score History
You have not taken this quiz